| 000 | 00437nam a2200145Ia 4500 | ||
|---|---|---|---|
| 008 | 151213s9999 xx 000 0 und d | ||
| 100 | _aJagadish Sheth & Golpira Eshghi | ||
| 245 |
_aGlobal Organizational Theory Perspectives _cJagadish Sheth & Golpira Eshghi |
||
| 260 |
_aU S A _bSouth Western _c1990 |
||
| 300 | _a2959 p. | ||
| 650 | _aManagement | ||
| 650 | _aManagement | ||
| 700 | _aJagadish Sheth & Golpira Eshghi | ||
| 999 |
_c2046 _d2046 |
||